[Event "DEM U12/U12w 2013"]
[Site "Oberhof GER"]
[Date "2013.05.22"]
[Round "7"]
[White "Acikel, Mert"]
[Black "Schumacher, Ole"]
[Result "1-0"]
[Termination "normal"]
[Board "36"]
[WhiteElo "1727"]
[BlackElo "1120"]
[PlyCount "49"]
[WhiteFideId "12956465"]
[BlackFideId "12971898"]
[EventCountry "GER"]
[EventRounds "11"]
[EventType "swiss"]
[EventDate "2013.05.18"]

1. e4 e6 2. d4 d5 3. Nd2 Nf6 4. e5 Nfd7 5. Bd3 c5 6. c3 Nc6 7. Ne2 cxd4 8. cxd4
Be7 9. O-O f6 10. exf6 Nxf6 11. Nf3 O-O 12. Re1 Qb6 13. Nf4 Nd8 14. Ne5 Bd6 15.
Be3 Qc7 16. Rc1 Qe7 17. a3 Bxe5 18. dxe5 Nd7 19. Rc7 a6 20. Bc5 Qe8 21. Bxf8
Qxf8 22. Qg4 Qe8 23. Nh5 g6 24. Rxd7 Bxd7 25. Nf6+ 1-0

[Event "DEM U12/U12w 2013"]
[Site "Oberhof GER"]
[Date "2013.05.22"]
[Round "7"]
[White "Bureik, Nicolas"]
[Black "Groth, Kevin"]
[Result "0-1"]
[Termination "normal"]
[Board "37"]
[WhiteElo "1183"]
[BlackElo "1399"]
[PlyCount "40"]
[WhiteFideId "12971863"]
[BlackFideId "12971804"]
[EventCountry "GER"]
[EventRounds "11"]
[EventType "swiss"]
[EventDate "2013.05.18"]

1. d4 d5 2. Nf3 Nf6 3. g3 e6 4. Bg2 Bd6 5. b3 Nc6 6. O-O Qe7 7. Nbd2 Bd7 8. Bb2
O-O-O 9. Ne5 Rdg8 10. c4 Bxe5 11. dxe5 Ng4 12. f4 dxc4 13. Bxc6 Qc5+ 14. Kh1
Bxc6+ 15. Nf3 Rd8 16. Qc1 Nf2+ 17. Kg2 Ng4 18. Kh1 Qe3 19. Qxc4 Rd2 20. Bd4
Rxd4 0-1

[Event "DEM U12/U12w 2013"]
[Site "Oberhof GER"]
[Date "2013.05.22"]
[Round "7"]
[White "Reif, Karla"]
[Black "Schulz, Theresa Charlotte"]
[Result "0-1"]
[Termination "normal"]
[Board "38"]
[WhiteElo "1165"]
[BlackElo "1306"]
[PlyCount "68"]
[WhiteFideId "12971871"]
[BlackFideId "12952206"]
[EventCountry "GER"]
[EventRounds "11"]
[EventType "swiss"]
[EventDate "2013.05.18"]

1. e4 c5 2. Nf3 Nc6 3. Nc3 g6 4. g3 Bg7 5. Bg2 d6 6. O-O Nf6 7. d4 cxd4 8. Nxd4
O-O 9. Be3 Ng4 10. Nxc6 bxc6 11. Qd2 Nxe3 12. Qxe3 Rb8 13. Rab1 Qa5 14. e5 Bxe5
15. Bxc6 Bb7 16. Bxb7 Rxb7 17. Qe4 Rbb8 18. Na4 Rb4 19. Qc6 Qxa4 20. Qf3 Rxb2
21. Rxb2 Bxb2 22. Qb7 Qxa2 23. Qxe7 Bg7 24. Qxd6 Qxc2 25. Qa6 Qc5 26. h4 Qb6
27. Qd3 a5 28. Rb1 Qd4 29. Qa3 Ra8 30. Rb7 Qd1+ 31. Kh2 Qe2 32. Kg1 Bd4 33. Qb3
Qxf2+ 34. Kh1 Qg1# 0-1

[Event "DEM U12/U12w 2013"]
[Site "Oberhof GER"]
[Date "2013.05.22"]
[Round "7"]
[White "von Jan, Lena"]
[Black "Böse, Carolin"]
[Result "1-0"]
[Termination "normal"]
[Board "39"]
[WhiteElo "1285"]
[BlackElo "1263"]
[PlyCount "26"]
[WhiteFideId "12946060"]
[BlackFideId "12929646"]
[EventCountry "GER"]
[EventRounds "11"]
[EventType "swiss"]
[EventDate "2013.05.18"]

1. e4 e5 2. Nf3 Nf6 3. Nxe5 Nc6 4. Nxc6 dxc6 5. d3 Bc5 6. Be2 h5 7. c3 Ng4 8.
d4 Bb6 9. h3 Nf6 10. Bg5 Be6 11. e5 Qd5 12. Bf3 Qb5 13. Qc2 g6 1-0

[Event "DEM U12/U12w 2013"]
[Site "Oberhof GER"]
[Date "2013.05.22"]
[Round "7"]
[White "Lellek, Lewin Louis"]
[Black "Reitz, Theresa"]
[Result "1/2-1/2"]
[Termination "normal"]
[Board "40"]
[WhiteElo "1276"]
[BlackElo "1113"]
[PlyCount "125"]
[WhiteFideId "12971820"]
[BlackFideId "12971901"]
[EventCountry "GER"]
[EventRounds "11"]
[EventType "swiss"]
[EventDate "2013.05.18"]

1. e4 Nc6 2. Nf3 f5 3. d3 Nf6 4. Nc3 e5 5. Bg5 Be7 6. Be2 d6 7. Qd2 Be6 8. Rg1
h6 9. Bxf6 Bxf6 10. exf5 Bxf5 11. Nd5 Be6 12. Nxf6+ Qxf6 13. Qc3 O-O-O 14.
O-O-O Rhf8 15. Rgf1 Rf7 16. Nd2 Qg6 17. Bf3 Bd7 18. Nc4 Be8 19. h3 Qe6 20. Bg4
Rf5 21. Bxf5 Qxf5 22. Ne3 Qg5 23. Qd2 Qf6 24. Ng4 Qe6 25. Kb1 Bf7 26. b3 Bh5
27. f3 Bxg4 28. fxg4 Ne7 29. Rde1 Qd5 30. d4 Nc6 31. Rd1 Qxd4 32. Qxd4 Nxd4 33.
Rf7 Rg8 34. Rdf1 Kd8 35. h4 Ne6 36. c4 Nf4 37. g3 Ne6 38. Kc2 b6 39. b4 a5 40.
a3 Nd4+ 41. Kd3 c5 42. Rb7 cxb4 43. axb4 axb4 44. Rxb6 Kc7 45. Rxb4 Kc6 46. Rc1
Kc5 47. Rb7 Kc6 48. Rb2 Kc5 49. Ra1 Rf8 50. Re1 Rf3+ 51. Re3 Rxe3+ 52. Kxe3
Kxc4 53. Rb7 Ne6 54. Re7 Kd5 55. Kd3 Nc5+ 56. Ke3 Ne6 57. g5 hxg5 58. hxg5 Nxg5
59. Rxg7 Ne6 60. Rg8 e4 61. g4 Ke5 62. Rg6 d5 63. Rh6 1/2-1/2

[Event "DEM U12/U12w 2013"]
[Site "Oberhof GER"]
[Date "2013.05.22"]
[Round "7"]
[White "Schubert, Lea Sophie"]
[Black "Arnhold, Steffi"]
[Result "0-1"]
[Termination "normal"]
[Board "41"]
[WhiteElo "816"]
[BlackElo "1273"]
[PlyCount "84"]
[BlackFideId "12931365"]
[EventCountry "GER"]
[EventRounds "11"]
[EventType "swiss"]
[EventDate "2013.05.18"]

1. e4 c5 2. Nf3 d6 3. d4 cxd4 4. Nxd4 Nf6 5. Nc3 a6 6. Be2 e6 7. Bg5 Be7 8. O-O
O-O 9. Bf3 Qc7 10. Qd2 Nc6 11. Nxc6 bxc6 12. Rfe1 Rb8 13. b3 Bb7 14. Rad1 Rfd8
15. Bxf6 Bxf6 16. Qe3 Ba8 17. Rd3 Qb6 18. Qxb6 Rxb6 19. Na4 Rbb8 20. c4 c5 21.
Bg4 Bc6 22. Nc3 g6 23. f4 Bg7 24. f5 exf5 25. exf5 Bxc3 26. Rxc3 Re8 27. Rxe8+
Rxe8 28. fxg6 fxg6 29. h3 Re1+ 30. Kf2 Ra1 31. Bf3 Rxa2+ 32. Kg3 Bxf3 33. Kxf3
Rb2 34. g4 Kf7 35. Ke4 Ke6 36. h4 Rh2 37. h5 gxh5 38. gxh5 Rxh5 39. Re3 Re5+
40. Kf4 Rxe3 41. Kxe3 Ke5 42. Kf3 Kd4 0-1

[Event "DEM U12/U12w 2013"]
[Site "Oberhof GER"]
[Date "2013.05.22"]
[Round "7"]
[White "Walow, Xenia"]
[Black "Schmidt, Sarah"]
[Result "1-0"]
[Termination "normal"]
[Board "42"]
[WhiteElo "1271"]
[BlackElo "1194"]
[PlyCount "61"]
[WhiteFideId "12971839"]
[BlackFideId "12965480"]
[EventCountry "GER"]
[EventRounds "11"]
[EventType "swiss"]
[EventDate "2013.05.18"]

1. d4 d5 2. Nf3 Nc6 3. Bf4 Bg4 4. e3 a6 5. Be2 e6 6. a3 Bd6 7. Ne5 Bxe2 8. Qxe2
Bxe5 9. dxe5 Nge7 10. Nd2 Ng6 11. Qg4 O-O 12. Nf3 h6 13. Bg3 Rc8 14. h4 Nge7
15. h5 Nf5 16. Bf4 Qd7 17. Nh4 Nce7 18. Rd1 Qa4 19. Rd2 Nxh4 20. Qxh4 Nf5 21.
Qh3 Rcd8 22. g4 Ne7 23. g5 Nf5 24. gxh6 Nxh6 25. Rg1 Nf5 26. Bg5 Rd7 27. h6 g6
28. h7+ Kh8 29. Bf6+ Ng7 30. Bxg7+ Kxg7 31. Rh1 1-0

[Event "DEM U12/U12w 2013"]
[Site "Oberhof GER"]
[Date "2013.05.22"]
[Round "7"]
[White "Schulze, Nick"]
[Black "Recktenwald, Cedric"]
[Result "0-1"]
[Termination "normal"]
[Board "43"]
[WhiteElo "1257"]
[BlackElo "1042"]
[PlyCount "66"]
[WhiteFideId "12971847"]
[BlackFideId "12971928"]
[EventCountry "GER"]
[EventRounds "11"]
[EventType "swiss"]
[EventDate "2013.05.18"]

1. d4 Nf6 2. Nf3 e6 3. e3 b6 4. Bd3 Bb7 5. Nbd2 Be7 6. O-O d6 7. c3 O-O 8. Qc2
Nbd7 9. b3 c5 10. Bb2 cxd4 11. exd4 Qc7 12. Rfe1 d5 13. Rac1 Rac8 14. Ne5 Bd6
15. Ndf3 Ne4 16. Nxd7 Qxd7 17. c4 Nf6 18. Qb1 h6 19. cxd5 Bxd5 20. Ne5 Qb7 21.
f3 Rxc1 22. Rxc1 Rc8 23. Rxc8+ Qxc8 24. Qe1 Qc7 25. Qh4 Be7 26. Qh3 Nd7 27. Qh5
Nxe5 28. dxe5 Qc5+ 29. Kf1 Qe3 30. Bc2 Qd2 31. Bg6 fxg6 32. Qxg6 Qxb2 33. f4
Bc5 0-1

[Event "DEM U12/U12w 2013"]
[Site "Oberhof GER"]
[Date "2013.05.22"]
[Round "7"]
[White "Lohrmann, Tabea"]
[Black "Weiten, Teresa"]
[Result "1-0"]
[Termination "normal"]
[Board "44"]
[WhiteElo "1553"]
[BlackElo "995"]
[PlyCount "101"]
[WhiteFideId "12911941"]
[BlackFideId "12971944"]
[EventCountry "GER"]
[EventRounds "11"]
[EventType "swiss"]
[EventDate "2013.05.18"]

1. e4 e5 2. Nf3 Nc6 3. Bc4 Nf6 4. d4 exd4 5. e5 Ne4 6. Qe2 Bb4+ 7. Kf1 Nc5 8.
a3 Ba5 9. b4 Bb6 10. bxc5 Bxc5 11. Ng5 O-O 12. Qe4 Re8 13. Bxf7+ Kf8 14. Bxe8
Kxe8 15. Qd5 Qe7 16. Qg8+ Qf8 17. Qxf8+ Bxf8 18. Nxh7 d5 19. Nxf8 Kxf8 20. f4
Bf5 21. c3 dxc3 22. Nxc3 Rd8 23. Ra2 d4 24. Ne2 Bd3 25. Rd2 Bxe2+ 26. Kxe2 Na5
27. Rhd1 c5 28. f5 Nb3 29. Rd3 Nxc1+ 30. Rxc1 Kf7 31. Rxc5 b6 32. Rc7+ Kf8 33.
Rxa7 Rd5 34. e6 Rxf5 35. e7+ Ke8 36. Rxd4 Re5+ 37. Kd3 Rxe7 38. Rxe7+ Kxe7 39.
Rd5 Ke6 40. Ke4 g6 41. a4 Kf6 42. g4 Ke6 43. g5 Ke7 44. Ke5 Kf7 45. Rd7+ Ke8
46. Ke6 Kf8 47. Re7 Kg8 48. Rf7 Kh8 49. Kf6 Kg8 50. Kxg6 Kh8 51. Rf8# 1-0

[Event "DEM U12/U12w 2013"]
[Site "Oberhof GER"]
[Date "2013.05.22"]
[Round "7"]
[White "Wong, Kar Yan"]
[Black "Merker, Vivien"]
[Result "1-0"]
[Termination "normal"]
[Board "45"]
[WhiteElo "1189"]
[BlackElo "1255"]
[PlyCount "73"]
[WhiteFideId "12971855"]
[BlackFideId "12927260"]
[EventCountry "GER"]
[EventRounds "11"]
[EventType "swiss"]
[EventDate "2013.05.18"]

1. e4 c5 2. d4 cxd4 3. Nf3 Nc6 4. Nxd4 g6 5. Nc3 Bg7 6. Be3 Nf6 7. Bc4 O-O 8.
Bb3 a5 9. a3 d5 10. exd5 Nxd4 11. Bxd4 Bg4 12. f3 Bd7 13. O-O Qc8 14. Qe1 Re8
15. Rc1 e6 16. d6 e5 17. Bf2 Qc6 18. Rd1 Rad8 19. Qe2 e4 20. Bh4 Qc5+ 21. Kh1
Qh5 22. Bxf6 Bxf6 23. fxe4 Bg4 24. Qf2 Be5 25. Bxf7+ Kg7 26. g3 Rf8 27. Rd5 Rd7
28. Qc5 Qh3 29. Rf2 Rfxf7 30. Rxe5 Rxf2 31. Qxf2 Be6 32. Nb5 b6 33. Nc7 Rxd6
34. Ne8+ Kg8 35. Nxd6 Ba2 36. Re8+ Kg7 37. Qf8# 1-0

[Event "DEM U12/U12w 2013"]
[Site "Oberhof GER"]
[Date "2013.05.22"]
[Round "7"]
[White "Grey, Andrea"]
[Black "Bürmann, Theresia"]
[Result "0-1"]
[Termination "normal"]
[Board "46"]
[WhiteElo "1157"]
[BlackElo "1187"]
[PlyCount "72"]
[WhiteFideId "12971880"]
[BlackFideId "12960241"]
[EventCountry "GER"]
[EventRounds "11"]
[EventType "swiss"]
[EventDate "2013.05.18"]

1. d4 d5 2. c4 e5 3. dxe5 d4 4. f4 Nc6 5. Nf3 Bc5 6. a3 a5 7. g3 Bf5 8. Bg2 Bc8
9. O-O Qd7 10. b3 Nge7 11. Bb2 Nf5 12. Bh3 Qd8 13. Bxf5 Bxf5 14. Qd2 O-O 15.
Rd1 d3+ 16. Kg2 dxe2 17. Qxe2 Qc8 18. Nc3 Bh3+ 19. Kh1 Bg4 20. Rd3 Nd4 21. Qf1
Bxf3+ 22. Rxf3 Nxf3 23. Qxf3 Rb8 24. Nd5 Qd7 25. Rd1 Qe8 26. Nxc7 Qc6 27. Nd5
Kh8 28. Qg4 Qg6 29. Qe2 Rbd8 30. b4 axb4 31. axb4 Ba7 32. Qd2 Qe4+ 33. Qg2 Qxc4
34. Bc3 Qb3 35. Rd3 Qb1+ 36. Qg1 Qxg1# 0-1

[Event "DEM U12/U12w 2013"]
[Site "Oberhof GER"]
[Date "2013.05.22"]
[Round "7"]
[White "Watzlawik, Lee David"]
[Black "Duan, Muxi"]
[Result "1-0"]
[Termination "normal"]
[Board "47"]
[WhiteElo "1170"]
[BlackElo "929"]
[PlyCount "75"]
[WhiteFideId "1270474"]
[BlackFideId "12971960"]
[EventCountry "GER"]
[EventRounds "11"]
[EventType "swiss"]
[EventDate "2013.05.18"]

1. e4 e5 2. Nf3 Nc6 3. d4 exd4 4. c3 dxc3 5. Bc4 Bc5 6. O-O d6 7. Nxc3 Bg4 8.
Bf4 f6 9. Re1 Nge7 10. Nd5 Na5 11. Qa4+ c6 12. Nxe7 b5 13. Nxc6 bxa4 14. Nxd8
Nxc4 15. Nb7 O-O 16. Nxc5 dxc5 17. b3 axb3 18. axb3 Nb6 19. Re3 c4 20. bxc4
Nxc4 21. Rc3 Nb6 22. h3 Bh5 23. Rca3 Rf7 24. Be3 Nc8 25. Nd4 a5 26. Rxa5 Rxa5
27. Rxa5 Bg6 28. Ra8 Rf8 29. f3 Nd6 30. Rxf8+ Kxf8 31. Bf4 Ke7 32. Bxd6+ Kxd6
33. Kf2 Bf7 34. Nf5+ Ke5 35. Nxg7 Bg6 36. g4 Bf7 37. Nf5 Kf4 38. Nd4 1-0

[Event "DEM U12/U12w 2013"]
[Site "Oberhof GER"]
[Date "2013.05.22"]
[Round "7"]
[White "Hofmann, Jana"]
[Black "Christiansen, Sarah"]
[Result "1/2-1/2"]
[Termination "normal"]
[Board "48"]
[WhiteElo "970"]
[BlackElo "1014"]
[PlyCount "50"]
[WhiteFideId "12971952"]
[BlackFideId "12971936"]
[EventCountry "GER"]
[EventRounds "11"]
[EventType "swiss"]
[EventDate "2013.05.18"]

1. e4 e5 2. Nf3 Nc6 3. Bb5 a6 4. Ba4 b5 5. Bb3 Nf6 6. d3 h6 7. c3 Bb7 8. Nbd2
Be7 9. h3 O-O 10. O-O d6 11. Re1 Qd7 12. Nf1 Rae8 13. Ng3 d5 14. Nh2 Nd8 15.
Qf3 c6 16. Nf5 Kh7 17. Qg3 g5 18. Ng4 Nxg4 19. Qxg4 Rg8 20. Qh5 Rg6 21. Re3 Ne6
22. Rg3 Reg8 23. h4 Nf4 24. Bxf4 exf4 25. Rg4 f6 1/2-1/2

[Event "DEM U12/U12w 2013"]
[Site "Oberhof GER"]
[Date "2013.05.23"]
[Round "8"]
[White "Fieberg, Samuel"]
[Black "Martin, Julian"]
[Result "0-1"]
[Termination "normal"]
[Board "1"]
[WhiteElo "1900"]
[BlackElo "1847"]
[PlyCount "78"]
[WhiteFideId "12901717"]
[BlackFideId "12941000"]
[EventCountry "GER"]
[EventRounds "11"]
[EventType "swiss"]
[EventDate "2013.05.18"]

1. e4 c5 2. Nf3 d6 3. d4 cxd4 4. Nxd4 Nf6 5. Nc3 a6 6. Be2 e5 7. Nb3 Be7 8. O-O
Be6 9. Be3 Nbd7 10. f3 Rc8 11. Kh1 Nb6 12. Bxb6 Qxb6 13. Nd5 Nxd5 14. exd5 Bf5
15. Bd3 Bxd3 16. Qxd3 O-O 17. f4 Bf6 18. f5 Rfe8 19. Qe4 Qc7 20. c3 Qc4 21. Nd2
Qb5 22. Rab1 a5 23. h4 a4 24. Rf3 Rc5 25. Rg3 Rec8 26. Qg4 Rc4 27. Nxc4 Rxc4
28. Qd1 Rxh4+ 29. Rh3 Qc4 30. Rxh4 Qxh4+ 31. Kg1 Bd8 32. Kf1 Bb6 33. g3 Qh2 34.
Qf3 Qg1+ 35. Ke2 Qxb1 36. f6 e4 37. Qg4 Qd3+ 38. Ke1 Qe3+ 39. Kd1 Qf3+ 0-1

[Event "DEM U12/U12w 2013"]
[Site "Oberhof GER"]
[Date "2013.05.23"]
[Round "8"]
[White "Stein, Robert"]
[Black "Poghosyan, Tigran"]
[Result "0-1"]
[Termination "normal"]
[Board "2"]
[WhiteElo "1728"]
[BlackElo "1945"]
[PlyCount "74"]
[WhiteFideId "12921084"]
[BlackFideId "12909319"]
[EventCountry "GER"]
[EventRounds "11"]
[EventType "swiss"]
[EventDate "2013.05.18"]

1. e4 c5 2. Nf3 d6 3. d4 cxd4 4. Nxd4 e5 5. Nb3 Nf6 6. Nc3 Be6 7. Be2 a6 8. Be3
Be7 9. Qd2 O-O 10. O-O-O Nbd7 11. f3 Rc8 12. g4 Qc7 13. g5 Nh5 14. Rdg1 b5 15.
Bd3 b4 16. Ne2 a5 17. Ng3 Nf4 18. Kb1 Nxd3 19. Qxd3 a4 20. Nd2 a3 21. b3 Qc3
22. Qxc3 Rxc3 23. Ndf1 Rfc8 24. Rg2 g6 25. h4 f5 26. gxf6 Nxf6 27. h5 d5 28.
hxg6 hxg6 29. Nf5 Bxf5 30. exf5 d4 31. Rxg6+ Kf7 32. Bg5 Rxc2 33. Rh2 d3 34.
Rgh6 Re2 35. Bd2 Rc2 36. R6h4 Rcxd2 37. Kc1 Rxa2 0-1

[Event "DEM U12/U12w 2013"]
[Site "Oberhof GER"]
[Date "2013.05.23"]
[Round "8"]
[White "Muckle, Julius"]
[Black "Gungl, Theo"]
[Result "1/2-1/2"]
[Termination "normal"]
[Board "4"]
[WhiteElo "1804"]
[BlackElo "1916"]
[PlyCount "43"]
[WhiteFideId "12942430"]
[BlackFideId "24695653"]
[EventCountry "GER"]
[EventRounds "11"]
[EventType "swiss"]
[EventDate "2013.05.18"]

1. d4 Nf6 2. c4 g6 3. Nc3 d5 4. cxd5 Nxd5 5. e4 Nxc3 6. bxc3 Bg7 7. Bc4 O-O 8.
Ne2 c5 9. Be3 Nc6 10. O-O Qc7 11. Rc1 Rd8 12. Qc2 b6 13. a4 Bb7 14. f3 e6 15.
Rfd1 Rac8 16. Bg5 Rd7 17. d5 exd5 18. Bxd5 Re8 19. Rd2 Ne5 20. Rcd1 Bxd5 21.
Rxd5 Rxd5 22. Rxd5 1/2-1/2

[Event "DEM U12/U12w 2013"]
[Site "Oberhof GER"]
[Date "2013.05.23"]
[Round "8"]
[White "Rockmann, Jan-Okke"]
[Black "Engel, Luis"]
[Result "0-1"]
[Termination "normal"]
[Board "5"]
[WhiteElo "1785"]
[BlackElo "1740"]
[PlyCount "74"]
[WhiteFideId "12942111"]
[BlackFideId "12961523"]
[EventCountry "GER"]
[EventRounds "11"]
[EventType "swiss"]
[EventDate "2013.05.18"]

1. e4 c5 2. Nc3 d6 3. f4 g6 4. Nf3 Bg7 5. h3 e6 6. Be2 Ne7 7. d4 cxd4 8. Nxd4
Qb6 9. Ndb5 O-O 10. Qxd6 Nbc6 11. Bd2 a6 12. Na3 Rd8 13. Nc4 Qa7 14. Be3 Bd4
15. Bxd4 Qxd4 16. Qxd4 Nxd4 17. O-O-O b5 18. Nb6 Rb8 19. Nxc8 Rbxc8 20. Rd2 b4
21. Bxa6 bxc3 22. bxc3 Rxc3 23. Rhd1 Ra8 24. Rxd4 Rxa6 25. Kb2 Rca3 26. Ra1 Nc6
27. Rc4 R3a5 28. a4 Kf8 29. Ka3 Rb6 30. Rd1 Ra8 31. Rc5 Ke7 32. e5 Rd8 33. Rxd8
Kxd8 34. a5 Ra6 35. Ka4 Kc7 36. Kb5 Rxa5+ 37. Kc4 Kb6 0-1

[Event "DEM U12/U12w 2013"]
[Site "Oberhof GER"]
[Date "2013.05.23"]
[Round "8"]
[White "Mätzkow, Maximilian Paul"]
[Black "Sanati, Charlotte"]
[Result "1-0"]
[Termination "normal"]
[Board "6"]
[WhiteElo "1730"]
[BlackElo "1672"]
[PlyCount "99"]
[WhiteFideId "24679933"]
[BlackFideId "12907707"]
[EventCountry "GER"]
[EventRounds "11"]
[EventType "swiss"]
[EventDate "2013.05.18"]

1. d4 d5 2. Nf3 Nf6 3. Bf4 e6 4. h3 c6 5. e3 Nbd7 6. Bd3 Be7 7. c3 O-O 8. Nbd2
Qb6 9. Qc2 c5 10. O-O c4 11. Be2 Qc6 12. Ne5 Nxe5 13. Bxe5 Bd7 14. Bf3 Rac8 15.
e4 Rfe8 16. exd5 exd5 17. Rfe1 Be6 18. Nf1 Nd7 19. Bf4 Bd6 20. Bxd6 Qxd6 21.
Re3 Nf6 22. Rae1 Bd7 23. Ng3 Rxe3 24. Rxe3 Re8 25. Rxe8+ Bxe8 26. Qe2 Bc6 27.
Nf5 Qd7 28. Qe5 Qe8 29. Qxe8+ Nxe8 30. Ne7+ Kf8 31. Nxd5 Bxd5 32. Bxd5 Nd6 33.
Kh2 Ke7 34. g4 b5 35. a3 Kd7 36. Kg3 g6 37. Kf4 f6 38. h4 h6 39. g5 hxg5+ 40.
hxg5 f5 41. Ke5 Ke7 42. f3 a6 43. f4 a5 44. Bc6 a4 45. Bd5 Ne8 46. Bf3 Nd6 47.
Bc6 Nf7+ 48. Kd5 Nd6 49. Kc5 Ne4+ 50. Kxb5 1-0

[Event "DEM U12/U12w 2013"]
[Site "Oberhof GER"]
[Date "2013.05.23"]
[Round "8"]
[White "Birg, Raphael"]
[Black "Renger, Niklas"]
[Result "0-1"]
[Termination "normal"]
[Board "7"]
[WhiteElo "1542"]
[BlackElo "1815"]
[PlyCount "120"]
[WhiteFideId "12971774"]
[BlackFideId "12908096"]
[EventCountry "GER"]
[EventRounds "11"]
[EventType "swiss"]
[EventDate "2013.05.18"]

1. e4 c5 2. Nf3 d6 3. d4 cxd4 4. Nxd4 Nf6 5. Nc3 g6 6. Be3 Bg7 7. Qd2 O-O 8.
Bc4 Nc6 9. f3 Bd7 10. h4 h5 11. O-O-O Rc8 12. Bb3 Ne5 13. Rdf1 a6 14. Bh6 b5
15. Bxg7 Kxg7 16. f4 Neg4 17. a3 e5 18. Nde2 Be6 19. Bxe6 fxe6 20. f5 exf5 21.
exf5 d5 22. fxg6 d4 23. Nd1 Ne4 24. Qd3 Nef2 25. Nxf2 Nxf2 26. Qg3 Qc7 27. Nxd4
exd4 28. Qxc7+ Rxc7 29. Rhg1 Kxg6 30. g4 Rcf7 31. gxh5+ Kxh5 32. Re1 Kxh4 33.
Re6 Rf6 34. Re7 Rh6 35. Reg7 Rf4 36. R1g2 Rg4 37. R7xg4+ Nxg4 38. Kd2 Kg5 39.
Kd3 Kf4 40. Kxd4 Rc6 41. c3 Rc4+ 42. Kd3 Ne5+ 43. Kd2 Ke4 44. Rg8 Rc6 45. Rh8
Kd5 46. Rd8+ Rd6 47. Rxd6+ Kxd6 48. Kc2 a5 49. b3 a4 50. c4 bxc4 51. bxc4 Nxc4
52. Kc3 Kc5 53. Kc2 Nxa3+ 54. Kb2 Kb4 55. Ka2 Nc4 56. Ka1 Kb3 57. Kb1 a3 58.
Ka1 Ne3 59. Kb1 a2+ 60. Kc1 a1=Q+ 0-1

[Event "DEM U12/U12w 2013"]
[Site "Oberhof GER"]
[Date "2013.05.23"]
[Round "8"]
[White "Schneider, Jana"]
[Black "Schnabel, Bennett"]
[Result "1-0"]
[Termination "normal"]
[Board "8"]
[WhiteElo "1644"]
[BlackElo "1708"]
[PlyCount "67"]
[WhiteFideId "12924997"]
[BlackFideId "12943290"]
[EventCountry "GER"]
[EventRounds "11"]
[EventType "swiss"]
[EventDate "2013.05.18"]

1. e4 c5 2. Nc3 Nc6 3. Bb5 g6 4. Bxc6 dxc6 5. f4 Bg7 6. Nf3 e6 7. d3 Ne7 8. O-O
O-O 9. e5 Nd5 10. Ne4 Qb6 11. Qe2 Rd8 12. Qf2 Bf8 13. Nfd2 Qc7 14. Nc4 b6 15.
Ne3 Nxe3 16. Bxe3 Be7 17. g4 Kh8 18. g5 Qd7 19. h4 Qe8 20. Qh2 Qg8 21. Rf3 Ba6
22. b3 Rd5 23. Rh3 b5 24. Nd2 Rad8 25. h5 R5d7 26. hxg6 Qxg6 27. Kf2 Kg7 28.
Rh1 Rh8 29. Rh6 Qf5 30. Ne4 Kf8 31. Ng3 Qg4 32. Rh4 Qxh4 33. Qxh4 h6 34. Qh5
1-0

[Event "DEM U12/U12w 2013"]
[Site "Oberhof GER"]
[Date "2013.05.23"]
[Round "8"]
[White "Degenhard, Simon"]
[Black "Buckels, Valentin"]
[Result "0-1"]
[Termination "normal"]
[Board "9"]
[WhiteElo "1711"]
[BlackElo "1994"]
[PlyCount "88"]
[WhiteFideId "12944017"]
[BlackFideId "12942766"]
[EventCountry "GER"]
[EventRounds "11"]
[EventType "swiss"]
[EventDate "2013.05.18"]

1. e4 e5 2. f4 exf4 3. Nf3 Ne7 4. d4 d5 5. e5 Ng6 6. Bd3 Be7 7. O-O c5 8. c3
cxd4 9. cxd4 Nc6 10. Bxg6 hxg6 11. Bxf4 g5 12. Bg3 g4 13. Ne1 Be6 14. Bf2 Bh4
15. Qd2 Bxf2+ 16. Rxf2 Qh4 17. g3 Qe7 18. Nc3 Qb4 19. Nc2 Qc4 20. b3 Qa6 21. b4
Ne7 22. b5 Qa5 23. Ne4 Qxd2 24. Nd6+ Kd7 25. Rxd2 b6 26. Nb4 Nc8 27. Nxc8 Rhxc8
28. Nc6 a6 29. Nb4 axb5 30. Rc2 Rc4 31. Rxc4 bxc4 32. a3 Kc7 33. Kf2 b5 34. Ke3
Kb6 35. Kd2 Rh8 36. Rh1 Rh5 37. Na2 Rf5 38. Nc3 Rf2+ 39. Kc1 Ka5 40. Kd1 Rb2
41. Kc1 Rb3 42. Kc2 Rxa3 43. Nb1 Ra2+ 44. Kc1 b4 0-1

[Event "DEM U12/U12w 2013"]
[Site "Oberhof GER"]
[Date "2013.05.23"]
[Round "8"]
[White "Reimers, Kim"]
[Black "Savchenko, Daniel"]
[Result "0-1"]
[Termination "normal"]
[Board "10"]
[WhiteElo "1603"]
[BlackElo "1763"]
[PlyCount "54"]
[WhiteFideId "12930377"]
[BlackFideId "12919195"]
[EventCountry "GER"]
[EventRounds "11"]
[EventType "swiss"]
[EventDate "2013.05.18"]

1. e4 e5 2. Nf3 Nf6 3. Bc4 Nxe4 4. Nc3 Nf6 5. Nxe5 d5 6. Bb3 Bd6 7. Nf3 c6 8.
O-O O-O 9. d4 h6 10. Ne2 Bg4 11. Ng3 Ne4 12. Re1 Re8 13. Qd3 Bxf3 14. Qxf3 Nxg3
15. Rxe8+ Qxe8 16. hxg3 Qe1+ 17. Kh2 Nd7 18. Qf5 Nb6 19. c3 Bf8 20. Bc2 g6 21.
Qf6 Nd7 22. Qh4 Qxf2 23. Qg4 Nf6 24. Qf4 Qxc2 25. Qxf6 Re8 26. Bxh6 Bxh6 27.
Rf1 Rf8 0-1

[Event "DEM U12/U12w 2013"]
[Site "Oberhof GER"]
[Date "2013.05.23"]
[Round "8"]
[White "Wierzbicki, Jirawat"]
[Black "Vuckovic, Zarko"]
[Result "0-1"]
[Termination "normal"]
[Board "11"]
[WhiteElo "1704"]
[BlackElo "1722"]
[PlyCount "128"]
[WhiteFideId "1153579"]
[BlackFideId "12952087"]
[EventCountry "GER"]
[EventRounds "11"]
[EventType "swiss"]
[EventDate "2013.05.18"]

1. e4 c5 2. c3 e6 3. d4 d5 4. exd5 Qxd5 5. Nf3 Nc6 6. Be3 cxd4 7. cxd4 Nf6 8.
Nc3 Qd8 9. a3 a6 10. Bc4 b5 11. Ba2 Ne7 12. Bg5 Bb7 13. Bxf6 gxf6 14. O-O Nd5
15. Re1 Rg8 16. Nxd5 Bxd5 17. Bxd5 Qxd5 18. Qd3 Bd6 19. Qxh7 Ke7 20. Qe4 Qxe4
21. Rxe4 Rac8 22. Re2 Rc7 23. d5 e5 24. Nd4 Bc5 25. Nf5+ Kd7 26. Rd1 Rg5 27.
Ng3 Bd4 28. Ne4 Rg6 29. h4 f5 30. Ng5 Kd6 31. Nf3 Rc4 32. h5 Rh6 33. Ng5 Rc7
34. Rc2 Rxc2 35. Nxf7+ Kxd5 36. Nxh6 Ke6 37. g4 Bxf2+ 38. Kf1 fxg4 39. Nxg4 Bd4
40. h6 Kf5 41. h7 Rc8 42. Nf2 Kg6 43. b3 Kxh7 44. Ne4 Kg6 45. Ke2 Rc2+ 46. Rd2
Rc1 47. Rd1 Rxd1 48. Kxd1 Kf5 49. Nd6+ Ke6 50. Ne4 Kd5 51. Nf6+ Kc6 52. Kc2 a5
53. a4 bxa4 54. bxa4 Kc5 55. Kb3 Be3 56. Kc3 Bd4+ 57. Kb3 Ba1 58. Ka2 Bc3 59.
Kb3 Bb4 60. Nd7+ Kd4 61. Nb8 Kd5 62. Nd7 e4 63. Nb6+ Kd4 64. Kc2 e3 0-1